Online
Catalog

El zorro de arriba y el zorro de abajo / (Record no. 9121)

MARC details
000 -CABECERA
campo de control de longitud fija 00841cam a2200229 a 4500
001 - NÚMERO DE CONTROL
campo de control 000009361
005 - FECHA Y HORA DE LA ÚLTIMA TRANSACCIÓN
campo de control 20200929161552.0
008 - DATOS DE LONGITUD FIJA--INFORMACIÓN GENERAL
campo de control de longitud fija 930129s1990 fr b 001 f spa
020 ## - NÚMERO INTERNACIONAL ESTÁNDAR DEL LIBRO
Número Internacional Estándar del Libro 8400070232
040 ## - FUENTE DE LA CATALOGACIÓN
Centro catalogador/agencia de origen DO-SdBNP
Centro/agencia transcriptor DLC
082 ## - NÚMERO DE LA CLASIFICACIÓN DECIMAL DEWEY
Número de clasificación Pe863.44
Número de documento/Ítem A694z
100 1# - ENTRADA PRINCIPAL--NOMBRE DE PERSONA
Nombre de persona Arguedas, José María.
9 (RLIN) 24136
245 13 - MENCIÓN DE TÍTULO
Título El zorro de arriba y el zorro de abajo /
Mención de responsabilidad, etc. José María Arguedas ; edición crítica, Eve-Marie Fell.
260 ## - PUBLICACIÓN, DISTRIBUCIÓN, ETC.
Lugar de publicación, distribución, etc. [Madrid], (España) :
Nombre del editor, distribuidor, etc. Archivos CSIC ;
-- Universite Paris X ;
-- Centre de Recherches Latino-Américaines,
Fecha de publicación, distribución, etc. 1990.
300 ## - DESCRIPCIÓN FÍSICA
Extensión xxxi, 462 p. ;
Dimensiones 25 cm.
440 #0 - MENCIÓN DE SERIE/PUNTO DE ACCESO ADICIONAL--TÍTULO
Título Coleccion Archivos
Designación de volumen o secuencia 14
9 (RLIN) 24137
504 ## - NOTA DE BIBLIOGRAFÍA, ETC.
Nota de bibliografía, etc. Bibliografías: p. 444-462.
650 #4 - PUNTO DE ACCESO ADICIONAL DE MATERIA--TÉRMINO DE MATERIA
Término de materia o nombre geográfico como elemento de entrada Novela peruana
9 (RLIN) 12569
650 #4 - PUNTO DE ACCESO ADICIONAL DE MATERIA--TÉRMINO DE MATERIA
Término de materia o nombre geográfico como elemento de entrada Literatura peruana
Subdivisión cronológica SIGLO XX
9 (RLIN) 14789
700 1# - PUNTO DE ACCESO ADICIONAL--NOMBRE DE PERSONA
Nombre de persona Fell, Eve-Marie,
9 (RLIN) 24138
910 ## - DATOS DE OPCIÓN DEL USUARIO (OCLC)
Datos de opción del usuario Catalogación por copia / LC
Holdings
Estado de retiro Estado de pérdida Restricciones de uso No para préstamo Código de colección Localización permanente Ubicación/localización actual Ubicación en estantería Fecha de adquisición Número de inventario Total de préstamos Signatura topográfica completa Código de barras Fecha visto por última vez Precio válido a partir de Tipo de ítem Koha
    Préstamo interno   Monografías: Libros y Folletos General General En catalogación 29.09.2009 LF1   Pe863.44 A694z 9361-10 25.06.2020 25.06.2020 Préstamo interno

Powered by Koha